Statistiques concernant Mercato du PSG été 2022

Cliquez ici pour prendre le quiz!

Statistiques générales

  • Ce quiz a été pris 548 fois
    (444 depuis la dernière actualisation)
  • Le résultat moyen est 16 sur 25

Statistiques - réponses

Arivée/départtype de transfertClub impliqué dans le transfertJoueurs% Correct
arrivéeentraineuren provenance de NiceChristophe Galtier
90%
arrivéeAchatStade de ReimsHugo Ekitike
86%
arivéelevée d'option d'achatSporting CPNuno Mendes
85%
arrivéeachatFC PortoVitinha
84%
arrivéeachatValenceCarlos Soler
82%
arrivéeachatLOSCRenato Sanches
82%
départprêtGalatasarayMauro Icardi
81%
arrivéeachatNapoliFabian Ruiz
80%
arrivéeAchatRB LEIPZIGNordi Mukiele
76%
départprêtRC Strasbourg AlsaceColin Dagba
73%
départPrêt avec option d'achatJuventusLeandro Paredes
72%
départlevée d'option d'achatWest HamAlphonse Aréola
70%
départventeEvertonIdrissa Gueye
70%
départventeStade RennaisArnaud Kalimuendo
69%
départprêt avec option d'achatAS RomeGeorginio Wijnaldum
64%
départprêtBenficaJulian Draxler
64%
départprêtFulhamLayvin Kurzawa
61%
départventeWest HamThilo Kehrer
61%
départprêt avec option d'achatAthletic BilbaoAnder Herrera
60%
départlevée d'option d'achatOGC NiceMarcin Bulka
58%
départPrêt avec option d'achatRB LeipzigAbdou Diallo
54%
départprêtSunderlandEdouard Michut
53%
départprêt avec option d'achatEintracht FrancfortEric Junior Dina Ebimbe
41%
départventeTroyesThierno Baldé
9%
départventeKas EupenNathan Bitumazala
8%

Distribution des résultats

Percentile par nombre de réponses

% des personnes avec chaque résultat

Votre développement - résultats

Vous n’avez pas pris ce quiz depuis la dernière actualisation